| Tag |
First Indicator |
Second Indicator |
Subfields |
| LEADER |
00000cam a2200000 a 4500 |
| 001 |
in00000076589 |
| 005 |
20160512113910.0 |
| 008 |
800220s1979 cau b 00010 eng d |
| 035 |
|
|
|a (OCoLC)06000995
|
| 035 |
|
|
|9 AAH8406AM
|
| 040 |
|
|
|a VTU
|c VTU
|d m.c.
|d TXA
|d UtOrBLW
|
| 049 |
|
|
|a TXAM
|c [1387103]
|
| 050 |
0 |
0 |
|a GV447
|b .P48
|
| 090 |
|
|
|a Z6121
|b .T4
|
| 100 |
1 |
|
|a Terauds, Juris.
|
| 245 |
1 |
0 |
|a Physical activity for the elderly :
|b a bibliography /
|c Juris Terauds.
|
| 264 |
|
1 |
|a Del Mar, Calif. :
|b Academic Publishers,
|c 1979.
|
| 300 |
|
|
|a vii, 140 pages ;
|c 21 cm.
|
| 336 |
|
|
|a text
|b txt
|2 rdacontent
|
| 337 |
|
|
|a unmediated
|b n
|2 rdamedia
|
| 338 |
|
|
|a volume
|b nc
|2 rdacarrier
|
| 650 |
|
0 |
|a Exercise for older people
|x Bibliography.
|
| 650 |
|
0 |
|a Physical education for older people
|x Bibliography.
|
| 999 |
|
|
|a MARS
|
| 999 |
f |
f |
|s c24441fc-f514-31a3-b425-7d2695b03760
|i 5adacd17-fd0a-3e31-bb9f-21e6437dc92e
|t 0
|
| 952 |
f |
f |
|p ric
|a Texas A&M University
|b Rellis Campus
|c Joint Library Facility
|d Remote Storage
|t 0
|e Z6121 .T4
|h Library of Congress classification
|i unmediated -- volume
|m A14806265760
|
| 998 |
f |
f |
|a Z6121 .T4
|t 0
|l Remote Storage
|